| 000 | 00458nam a22001817a 4500 | ||
|---|---|---|---|
| 003 | MPLRDC | ||
| 005 | 20220104184923.0 | ||
| 008 | 210129b ||||| |||| 00| 0 eng d | ||
| 020 | _a7-80678-557-4 | ||
| 082 | _a782.886 ZGR v.2 | ||
| 100 | _a的灰 | ||
| 245 |
_a与他共度六十一世: 下 _c |
||
| 250 | _a一版一刷 | ||
| 260 |
_a中国 _b上海书店出版社 _c2006 |
||
| 300 | _b平 | ||
| 650 | _a张国荣传记 | ||
| 942 |
_cBK _o782.886 ZGR v.2 |
||
| 999 |
_c63094 _d63084 |
||